000 00811nam a2200241 u 4500
005 20230324063522.0
008 091123s1992 r 000 0 eng d
020 _a9782278038404
035 _aUPN01000173896
049 _aCG
050 4 _aPC2111
_bB4.3
100 1 _aBérard, Evelyne
245 1 0 _aExercices pour l´apprentissage du francais /
_cEvelyne Bérard, Christian Lavenne.
260 _aParís :
_bHatier :
_bDidier,
_c1992.
300 _a127 p. :
_bil. +
_e1 suplemento
440 0 _aModes d'emploi
590 _a(También localizas un ejemplar en el "Area de Reserva")
590 _aBibliografía Básica (BGTQ), 2009
650 4 _aFrancés
_xEstudio y enseñanza
_913059
650 4 _aFRANCES -
_xCOMPOSICION Y EJERCICIOS
_914034
700 1 _aLavenne, Christian,
_ecoaut.
905 _aLibro
999 _c146000
_d146000